000 00459nam a22001817a 4500
003 OSt
008 240323b |||||||| |||| 00| 0 eng d
020 _a9788194914815
082 _a615.1 PAP
100 _aPALATTY, Princy.Louis
245 _aPHARMACOLOGY AND THERAPEUTICS
260 _aHYDERABAD
_bPARAS MEDICAL BOOKS
_c2022
300 _axxiv,864
650 _aPHARMACOLOGY-I
700 _aKAMLE, P.S
700 _aGIREESH KUMAR K.P
942 _2ddc
_cREF
999 _c12265
_d12265